| 000 | 00565nam a2200169 a 4500 | ||
|---|---|---|---|
| 001 | 1585 | ||
| 003 | CDMR | ||
| 005 | 20130405111202.0 | ||
| 008 | 130130s1967||||||||||||||||||||||||||||d | ||
| 040 |
_aCDMR _bcat _cCDMR |
||
| 111 | 2 |
_aSemana Internacional de Estudios Superiores de Televisión _cLeón _d1966 _n1ª _91189 |
|
| 245 | 1 | 0 |
_aI Semana Internacional de Estudios Superiores de Televisión _b: León, julio 1966 |
| 260 |
_aMadrid _c1967 _bServicio de Formación de TVE |
||
| 300 |
_a501 p ; _c27 cm |
||
| 650 | 0 | 4 |
_91190 _aTelevisió _xAspectes socials |
| 942 |
_cMON _2udc |
||
| 999 |
_c1585 _d1585 |
||